Problems in labor relations : (Record no. 8480)

MARC details
000 -LEADER
fixed length control field 00550nam a2200169Ia 4500
020 ## - INTERNATIONAL STANDARD BOOK NUMBER
ISBN 0256023662
050 ## - CALL NUMBER
Classification number HD6961
Item number .F95
100 1# - AUTHOR
Personal name Fulmer, William E.
245 10 - TITLE
Title Problems in labor relations :
Remainder of title text and cases /
Statement of responsibility, etc William E. Fulmer.
260 ## - PUBLICATION INFORMATION
Place of publication Illiois
Name of publisher Richared D. Irwin
Year of publication 1980
300 ## - DESCRIPTION
Number of Pages xiii, 665 pages.
505 ## - FORMATTED CONTENTS NOTE
Table of Content PT. 1. Introduction<br/>PT. 2. Collective bargaining<br/>PT. 3. A broader perspective for labour relations
650 #0 - SUBJECTS
Topical Term Industrial relations
650 #0 - SUBJECTS
Topical Term Personnel management
942 ## - ADDED ENTRY ELEMENTS (KOHA)
Koha item type Books
Holdings
Withdrawn status Lost status Home library Current library Date acquired Source of acquisition Full call number Accession Number Koha item type
    Methodist University Library Tema Methodist University Library Tema 29/09/2025 Donated by Abbey's Family HD6961 .F95 9070 Books
Copyright © 2026  MUG Library